000 01059cam a22003253a 4500
001 7434
003 PGUSA
005 20140828083144.0
008 050201s2005||||xxu|||||s|||||000 1 eng d
040 _aPGUSA
_beng
042 _adc
050 4 _aPZ
050 4 _aPS
100 1 _aSidney, Margaret,
_d1844-1924
245 1 4 _aThe Adventures of Joel Pepper
_h[electronic resource] /
_cMargaret Sidney
260 _bProject Gutenberg,
_c2005
506 _aPublic domain in the USA.
516 _aElectronic text
653 _aChildren -- Conduct of life -- Juvenile fiction
653 _aBrothers and sisters -- Juvenile fiction
653 _aSingle-parent families -- Juvenile fiction
653 _aFamilies -- Juvenile fiction
653 _aBoys -- Juvenile fiction
653 _aConduct of life -- Juvenile fiction
653 _aFive Little Peppers (Fictitious characters) -- Juvenile fiction
653 _aCircus -- Juvenile fiction
830 0 _aProject Gutenberg
_v7434
856 4 0 _uhttp://www.gutenberg.org/ebooks/7434
942 _cEB
999 _c236754
_d236754